Posledná novela zákona o bankách posilnila postavenie a právomoci bankového dohľadu

V r. 1996 schválila Národná rada SR ďalšiu novelu zákona č. 21/1992 Zb. o bankách. Upresnenie a posilnenie postavenia a právomocí bankového dohľadu NBS tak, aby mohol plniť úlohu kontrolovania činnosti komerčných bánk. Najvýznamnejšie zmeny zákona o bankách.

Gespeichert in:
Bibliographische Detailangaben
1. Verfasser: Hetteš, František
Format: Buchkapitel
Sprache:Slowakisch
Englisch
Schlagworte:
Tags: Tag hinzufügen
Keine Tags, Fügen Sie das erste Tag hinzu!

MARC

LEADER 00000naa a2200000 4500
001 r021070
005 20221208113716.2
041 0 |a slo 
041 0 |a eng 
044 |a SK 
245 1 0 |a Posledná novela zákona o bankách posilnila postavenie a právomoci bankového dohľadu  |c František Hetteš 
520 |a V r. 1996 schválila Národná rada SR ďalšiu novelu zákona č. 21/1992 Zb. o bankách. Upresnenie a posilnenie postavenia a právomocí bankového dohľadu NBS tak, aby mohol plniť úlohu kontrolovania činnosti komerčných bánk. Najvýznamnejšie zmeny zákona o bankách. 
610 2 0 |a banky 
610 2 0 |a zákony 
610 2 0 |a 1992 
610 2 0 |a Slovensko 
610 2 0 |a novelizácia 
610 2 0 |a 1996 
610 2 0 |a dohľad bankový 
610 2 0 |a NBS Bratislava 
100 1 |a Hetteš, František